Pi digits 2300-2500 - Statistics

General Stats
  • This quiz has been taken 34 times
  • The average score is 10 of 30
Answer Stats
Digits % Correct
4 3 9 0
100%
4 5 1 2 4 4
100%
1 3 6 5 4 9
75%
5 6 9 1 4 3
75%
5 9 9 7 7 0
75%
7 6 2 7 8 0 7
75%
9 7 7 1
75%
0 1 2 9 6
50%
1 6 0 8 9
50%
4 4 1 6 9 4
50%
0 1 6 8 4 2 7 3 9 4 5 2 2
25%
2 8 4 8 8 6 4 8 1
25%
4 5
25%
5 3 4 2 2 0 7 2 2 2 5 8
25%
5 8
25%
6 0 2 8 5 0 6
25%
6 7 4
25%
6 7 6 7 8
25%
8 6 8 5 5 5 8 4 8 4 0 6 3
25%
8 9 5 2 5 2 1 3 8 5 2 2 5 4
25%
1 1 6 3
0%
1 7 4 3 2 4 1 1 2 5
0%
3 5 5 9 3 6 3 4 5 6 8
0%
5 4 8 8 6 2 3 0
0%
5 7 7 4 5 6 4
0%
6 6 6 7 2 7
0%
8 2 3 9
0%
8 6 4 5 6 5 9 6
0%
9 8 0
0%
9 9 5 4
0%
No matching quizzes found
Score Distribution
Percent of People with Each Score
Percentile by Number Answered
Your Score History
You have not taken this quiz